00959nam a22002537a 45000010005000000030006000050050017000110080041000280200018000690400029000870500015001160820013001311000024001442450089001682500037002572600037002943000048003315050007003795200226003865210019006125210019006316500022006507000033006723966FISKH20240528144944.0240528b cb ||||| |||| 00| 0 eng d a9780439711203 aFISKHbengcFISKHdFISKH aQC921.B38  a551.576  aBauer, Marion Dane  aClouds /cWritten by Marion Dane Bauer, John Wallace ; illustrated by John Wallace  aFirst Scholastic printing, 2004  aNew York : bScholastic, c2005  a32 pages : bcolor illustrations ; c23 cm  aF  alouds come in many different shapes and sizes. They can be white and fluffy or dark and scary. But where do clouds come from? The answer is at your fingertips. Just open this book and read about the wonders of clouds.... 8 a360 bLexile 8 aF bRaz-Plus  aClouds xWeather  aWallace, John eIllustrator